000 00484nam a2200181Ia 4500
003 GCL
008 140319s9999 xx 000 0 ara d
040 _aGCL /
_cGCL
082 0 4 _a813.03
_bم ب
100 1 _aمحمد عبدالحليم
245 1 0 _aبعد الغروب /
_cمحمد عبدالحليم
260 _a[S.N] :
_bمكتبة مصر
300 _a198 ص
490 _a
650 0 4 _aالادب العربى
650 0 4 _aالقصص العربية
942 _2ddc
_cBK
999 _c34549
_d34549